Dla geomexa - Statystyki

Ogólne statystyki
  • Ten quiz został rozwiązany 67 razy
  • Średni wynik to 8 z 15
Statystyki odpowiedzi
Zagadnienie Odpowiedź % Poprawnych
Co jest większe Czad
80%
Co jest większe Irlandia
80%
Co jest większe Kanada
80%
Co jest większe Algieria
60%
Co jest większe Bangladesz
60%
Co jest większe Demokratyczna republika konga
60%
Co jest większe Gwinea bissau
60%
Co jest większe Hiszpania
60%
Co jest większe Japonia
40%
Co jest większe Japonia
40%
Co jest większe Macedonia
40%
Co jest większe Nikaragua
40%
Co jest większe Turcja
40%
Co jest większe Kiribati
20%
Co jest większe Sudan południowy
0%
Nie znaleziono quizów pasujących do podanych kryteriów
Rozkład punktacji
Procent ludzi z każdym wynikiem
Percentyl według liczby udzielonych odpowiedzi
Twoja historia wyników
Nie rozwiązałeś tego quizu